000 00866njm a2200277Ia 4500
001 E1187
003 IT-RoPAU
005 20220918181152.0
008 131025s9999 xx 000 0 und d
040 _aIT-RoPAU
040 _cIT-RoPAU
999 _c102267
_d102267
999 _bn.d.
100 _aBeethoven Ludwig Van
_931238
100 _eAutore musica
_931239
100 _gCodice autore musica SPICS: 10721
_931240
245 _aStreichquartett f dur op. 18 n. 1 e n. 2
250 _a1a ed.
260 _aGERMANY
260 _bDEUTSCHE GRAMMOPHON
_c1962 [1a Ed.:1962 - Ed. Lingua Orig.: 1798]
300 _aDISCO
500 _aMusica classica.
505 _aQuartetto n. 1 op. 18 in fa maggiore per archi - Quartetto n. 1 op. 18 in sol maggiore per archi.
511 _aAmadeus Quartett
650 _aCLASSICA [DISCHI]
_eCodice MATERIA SPICS: 9950
_91157
942 _cMD
_2ddc